Statistics for Saddest countries

Click here to take the quiz!

General Stats

  • This quiz has been taken 28 times
  • The average score is 5 of 10

Answer Stats

Rank (1. = most saddest)Answer% Correct
4.Syria
83%
10.Yemen
78%
2.Burundi
52%
5.Rwanda
48%
9.South Sudan
48%
1.Central African Republic
43%
7.Guinea
35%
8.Liberia
30%
6.Togo
30%
3.Tanzania
17%

Score Distribution

Percentile by Number Answered

Percent of People with Each Score

Your Score History

You have not taken this quiz